000
00331nam a2200157Ia 4500
100
_a
Nise/Norman S
250
_a
4
942
_c
BK
654
_a
control engineering
245
_a
Control system Engineering
260
_b
John Wiley & Sons
_c
2004
082
_a
629.8
_b
NIS
300
_a
983
546
_a
ENGLISH
999
_c
22385
_d
22385